000 00341nam a2200157Ia 4500
001 23164
003 IN-NITTTR
005 20251114233300.0
008 251113s9999||||xx |||||||||||||| ||eng||
040 _beng
040 _cIN-NITTTR
041 _aeng
082 _a823 W893
245 0 _aWorld's greatest love stories. /
942 _2ddc
_cBK
999 _c25793
_d25793